| 000 | 00458nam a2200133Ia 4500 | ||
|---|---|---|---|
| 008 | 231129s9999||||xx |||||||||||||| ||spa|| | ||
| 020 | _a968-837-333-8 | ||
| 040 | _bspa | ||
| 082 | _a338.5 A778a | ||
| 100 | _aArroyo Gonzalo | ||
| 245 | 0 | _aAgricultura y alimentos en America Latina : el poder de las transnacionales | |
| 264 | _aUniversidad Nacional Autonoma - Instituto de Cooperacion Iberoamericana | ||
| 942 |
_2ddc _cBKS |
||
| 999 |
_c4623 _d4623 |
||